Kālidāsa kī lālitya yojanā /

Saved in:
Bibliographic Details
Main Author: Dwivedi, Hazariprasad
Format: Book
Language:Hindi
Published: Dillī : Rājakamala, 1970.
Edition:2. saṃskaraṇa.
Subjects:
LEADER 00971nam a2200265 a 4500
001 c000161218
003 CARM
005 19960308000000.0
008 960314s1970 ii 001 0 hin d
019 1 |a 12152002  |5 LACONCORD2021 
035 |a (OCoLC)221964778  |5 LACONCORD2021 
040 |a VU  |b eng  |c VU 
041 0 |a hinsan 
082 0 4 |a 891.21  |2 20 
100 1 |a Dwivedi, Hazariprasad. 
245 1 0 |a Kālidāsa kī lālitya yojanā /  |c Hajārī Prasāda Dvivedī. 
250 |a 2. saṃskaraṇa. 
260 |a Dillī :  |b Rājakamala,  |c 1970. 
300 |a 176 p. ;  |c 23 cm. 
500 |a Includes index. 
546 |a In Hindi; with excerpts in Sanskrit from works by Kālidāsa. 
600 0 0 |a Kālidāsa  |x Criticism and interpretation. 
852 8 |b CARM  |h A2:AJ25A0  |i B04884  |p 0212645  |f BK 
999 f f |i bac1316f-84fe-5eb8-991e-856167cdb543  |s 81edd665-b93d-5a64-8147-72777656c526 
952 f f |p Can circulate  |a CAVAL  |b CAVAL  |c CAVAL  |d CARM 1 Store  |e B04884  |f A2:AJ25A0  |h Other scheme  |i book  |m 0212645